[Event "COL-ch Superate-B"]
[Site "Bogota"]
[Date "2012.12.13"]
[Round "7.6"]
[White "Ospina, Carl Erik"]
[Black "De la Asuncion Ortiz, Hansel de Jesus"]
[Result "1-0"]
[WhiteElo "1945"]
[BlackElo "1609"]
[PlyCount "53"]
[EventDate "2012.12.11"]
[EventType "swiss"]
[EventRounds "7"]
[EventCountry "COL"]
[SourceTitle "EXT 2024"]
[Source "ChessBase"]
[SourceDate "2023.10.10"]
[SourceVersion "1"]
[SourceVersionDate "2023.10.10"]
[SourceQuality "1"]

1. e4 e5 2. f4 d5 3. exd5 e4 4. Nc3 Nf6 5. d3 Bb4 6. Bd2 e3 7. Bxe3 0-0 8. Be2 Re8 9. Bd2 Bxc3 10. Bxc3 Nxd5 11. Qd2 Bg4 12. 0-0-0 Nxc3 13. bxc3 Be6 14. c4 Qd4 15. c3 Qd6 16. Nf3 Nc6 17. Ng5 Qa3+ 18. Kb1 Na5 19. Bf3 h6 20. Ne4 Bd7 21. Qb2 Qxb2+ 22. Kxb2 Bf5 23. Rhe1 Rad8 24. g4 Bd7 25. Re3 Ba4 26. Rde1 Rd7 27. Nc5 1-0

[Event "COL-ch Superate-B"]
[Site "Bogota"]
[Date "2012.12.12"]
[Round "4.4"]
[White "Ortega Barros, German David"]
[Black "Ospina, Carl Erik"]
[Result "0-1"]
[WhiteElo "1575"]
[BlackElo "1945"]
[PlyCount "40"]
[EventDate "2012.12.11"]
[EventType "swiss"]
[EventRounds "7"]
[EventCountry "COL"]
[SourceTitle "EXT 2024"]
[Source "ChessBase"]
[SourceDate "2023.10.10"]
[SourceVersion "1"]
[SourceVersionDate "2023.10.10"]
[SourceQuality "1"]

1. d4 d5 2. Bf4 Bf5 3. e3 Nf6 4. c4 e6 5. c5 c6 6. Nf3 Nbd7 7. Bg5 b6 8. cxb6 axb6 9. Ne5 Qc7 10. Nxd7 Nxd7 11. Bd3 Bxd3 12. Qxd3 Bd6 13. f4 h6 14. Bh4 g5 15. fxg5 hxg5 16. Bxg5 Bxh2 17. Kd2 Qg3 18. Rxh2 Rxh2 19. Bf4 Qxg2+ 20. Kc3 Qxb2# 0-1

[Event "COL-ch Intercolegial B U17"]
[Site "Cartagena"]
[Date "2011.09.10"]
[Round "6.1"]
[White "Ospina, Carl Erik"]
[Black "Acevedo, Julian Steven"]
[Result "1-0"]
[WhiteElo "1939"]
[BlackElo "1756"]
[PlyCount "39"]
[EventDate "2011.09.07"]
[EventType "swiss"]
[EventRounds "6"]
[EventCountry "COL"]
[SourceTitle "EXT 2024"]
[Source "ChessBase"]
[SourceDate "2023.10.10"]
[SourceVersion "1"]
[SourceVersionDate "2023.10.10"]
[SourceQuality "1"]

1. e4 c5 2. f4 a6 3. Nf3 Nc6 4. c3 e6 5. d4 cxd4 6. cxd4 Nf6 7. Nc3 Bb4 8. Bd3 0-0 9. a3 Ba5 10. Be3 Ng4 11. Bg1 Qc7 12. Qd2 b5 13. h3 Nf6 14. b4 Bb6 15. Be3 Qa7 16. Bc2 Bb7 17. 0-0 Ne7 18. Rad1 Ne8 19. a4 Nc7 20. a5 1-0

[Event "COL-ch U15"]
[Site "Bogota"]
[Date "2011.02.23"]
[Round "7.3"]
[White "Rodriguez Rueda, Paula Andrea"]
[Black "Ospina, Carl Erik"]
[Result "1-0"]
[WhiteElo "2053"]
[BlackElo "1939"]
[PlyCount "51"]
[EventDate "2011.02.23"]
[EventType "swiss"]
[EventRounds "7"]
[EventCountry "COL"]
[SourceTitle "EXT 2024"]
[Source "ChessBase"]
[SourceDate "2023.10.10"]
[SourceVersion "1"]
[SourceVersionDate "2023.10.10"]
[SourceQuality "1"]

1. d4 d5 2. c4 e6 3. Nf3 Nf6 4. Nc3 c6 5. e3 Nbd7 6. Bd3 dxc4 7. Bxc4 b5 8. Bd3 Bb7 9. 0-0 Nb6 10. e4 Be7 11. Qe2 h6 12. a3 a6 13. e5 Nfd5 14. Ne4 Qc7 15. Bd2 a5 16. Rfc1 b4 17. a4 Qd7 18. b3 g5 19. Rc2 f6 20. exf6 Nxf6 21. Re1 0-0-0 22. Ne5 Qe8 23. Bb5 Qh5 24. Nxc6 Bxc6 25. Rxc6+ Kb7 26. Ba6+ 1-0

[Event "Charala op"]
[Site "Charala"]
[Date "2010.07.20"]
[Round "8"]
[White "Cadena Montoya, Gustavo Adolfo"]
[Black "Ospina, Carl Erik"]
[Result "1-0"]
[WhiteElo "2076"]
[BlackElo "1959"]
[PlyCount "62"]
[EventDate "2010.07.17"]
[EventType "swiss"]
[EventRounds "8"]
[EventCountry "COL"]
[SourceTitle "CBM 137 Extra"]
[Source "ChessBase"]
[SourceDate "2010.09.01"]
[SourceVersion "1"]
[SourceVersionDate "2010.09.01"]
[SourceQuality "1"]

1. d4 d5 2. c4 c6 3. Nc3 Nf6 4. Nf3 e6 5. Bg5 Be7 6. e3 0-0 7. Qc2 h6 8. Bh4 Nbd7 9. Bd3 dxc4 10. Bxc4 Nb6 11. Bb3 Bd7 12. 0-0 Rc8 13. Bxf6 Bxf6 14. Ne4 Be7 15. Nc5 Bxc5 16. dxc5 Nd5 17. Rfd1 Qc7 18. Rac1 Rcd8 19. a3 Rfe8 20. Nd2 Nf6 21. Nc4 b6 22. Nd6 Re7 23. Ba4 b5 24. Bb3 Nd5 25. Qe4 Nf6 26. Qh4 e5 27. Ne4 Be6 28. Nxf6+ gxf6 29. Bxe6 Rxe6 30. Qxh6 Qe7 31. Qh4 Kg7 1-0

[Event "Pan American-ch Schools U13"]
[Site "Columbia"]
[Date "2009.10.09"]
[Round "7"]
[White "Camargo, Santiago"]
[Black "Ospina, Carl Erik"]
[Result "1-0"]
[WhiteElo "2050"]
[BlackElo "1980"]
[PlyCount "35"]
[EventDate "2009.10.07"]
[EventType "rapid"]
[EventRounds "7"]
[EventCountry "COL"]
[SourceTitle "CBM 132 Extra"]
[Source "ChessBase"]
[SourceDate "2009.11.03"]
[SourceVersion "1"]
[SourceVersionDate "2009.11.03"]
[SourceQuality "1"]

1. e4 e5 2. Nf3 Nc6 3. d4 exd4 4. Bc4 h6 5. c3 dxc3 6. Nxc3 d6 7. 0-0 Nf6 8. Qb3 Qd7 9. Nd5 Nxd5 10. Bxd5 Rb8 11. Bf4 g5 12. Bg3 Bg7 13. Rac1 Nd4 14. Nxd4 Bxd4 15. Rfd1 Bf6 16. e5 dxe5 17. Bc6 bxc6 18. Qxb8 1-0

[Event "Pan American-ch Schools U13"]
[Site "Columbia"]
[Date "2009.10.08"]
[Round "4"]
[White "Villarreal Gongora, Jorge A"]
[Black "Ospina, Carl Erik"]
[Result "0-1"]
[WhiteElo "1923"]
[BlackElo "1980"]
[PlyCount "54"]
[EventDate "2009.10.07"]
[EventType "rapid"]
[EventRounds "7"]
[EventCountry "COL"]
[SourceTitle "CBM 132 Extra"]
[Source "ChessBase"]
[SourceDate "2009.11.03"]
[SourceVersion "1"]
[SourceVersionDate "2009.11.03"]
[SourceQuality "1"]

1. e4 e5 2. Nf3 Nc6 3. d4 exd4 4. Nxd4 Nxd4 5. Qxd4 d6 6. Nc3 Nf6 7. Bg5 Be7 8. Bc4 Be6 9. Bb3 h6 10. Bh4 0-0 11. 0-0 a6 12. Rad1 Rc8 13. Qd2 Bxb3 14. axb3 Nxe4 15. Bxe7 Nxd2 16. Bxd8 Nxf1 17. Bh4 g5 18. Bxg5 hxg5 19. Kxf1 Kg7 20. Rd5 f6 21. Ne2 Rh8 22. h3 Rce8 23. Ng3 Re5 24. Rd3 Rhe8 25. Rd1 f5 26. f3 Kg6 27. Kf2 b6 0-1

[Event "COL-ch U14"]
[Site "Villavicencio"]
[Date "2009.03.22"]
[Round "7"]
[White "Hernandez, Cristian Andres"]
[Black "Ospina, Carl Erik"]
[Result "1/2-1/2"]
[WhiteElo "1934"]
[BlackElo "1975"]
[PlyCount "127"]
[EventDate "2009.03.19"]
[EventType "swiss"]
[EventRounds "7"]
[EventCountry "COL"]
[SourceTitle "EXT 2024"]
[Source "ChessBase"]
[SourceDate "2023.10.10"]
[SourceVersion "1"]
[SourceVersionDate "2023.10.10"]
[SourceQuality "1"]

1. e4 e5 2. Nf3 Nc6 3. Nc3 Nf6 4. Bc4 Bc5 5. d3 h6 6. 0-0 0-0 7. Be3 Bb6 8. Nd5 d6 9. Nxb6 axb6 10. Nd2 Na5 11. a4 Nxc4 12. Nxc4 Be6 13. Nd2 Nd7 14. f4 exf4 15. Rxf4 f5 16. Qh5 fxe4 17. Rxe4 Nf6 18. Qg6 Bf7 19. Qg3 Nxe4 20. Nxe4 Kh7 21. Qh3 Ra5 22. Rf1 Bg6 23. Ng5+ Kh8 24. Rxf8+ Qxf8 25. Bd4 Kg8 26. Qe6+ Bf7 27. Nxf7 Qxf7 28. Qxf7+ Kxf7 29. b3 Rd5 30. Be3 Rf5 31. Bf2 b5 32. axb5 Rxb5 33. Kf1 Ke6 34. Ke2 Re5+ 35. Kd2 Rg5 36. g3 h5 37. Ke3 Re5+ 38. Kd2 g5 39. Be3 Kf5 40. h3 g4 41. h4 Ke6 42. Bf4 Ra5 43. Ke3 Kf5 44. Kd2 Ra1 45. Ke2 Rh1 46. Be3 Rh2+ 47. Bf2 d5 48. Kf1 Rh1+ 49. Bg1 c5 50. Kg2 Rxg1+ 51. Kxg1 c4 52. dxc4 dxc4 53. bxc4 Ke4 54. Kf2 Kd4 55. c5 Kxc5 56. Ke3 Kc4 57. Kf4 Kc3 58. Kg5 b5 59. Kxh5 b4 60. Kxg4 Kxc2 61. h5 b3 62. h6 b2 63. h7 b1Q 64. h8Q 1/2-1/2

[Event "COL-ch U14"]
[Site "Villavicencio"]
[Date "2009.03.20"]
[Round "3"]
[White "Acosta Cubides, Jorian Jared"]
[Black "Ospina, Carl Erik"]
[Result "0-1"]
[WhiteElo "2003"]
[BlackElo "1975"]
[PlyCount "96"]
[EventDate "2009.03.19"]
[EventType "swiss"]
[EventRounds "7"]
[EventCountry "COL"]
[SourceTitle "EXT 2024"]
[Source "ChessBase"]
[SourceDate "2023.10.10"]
[SourceVersion "1"]
[SourceVersionDate "2023.10.10"]
[SourceQuality "1"]

1. e4 c5 2. Nf3 d6 3. d4 cxd4 4. Nxd4 Nf6 5. Nc3 a6 6. f3 g6 7. Be3 Nbd7 8. Qd2 Bg7 9. 0-0-0 0-0 10. g4 Ne5 11. Be2 Nc6 12. h4 Nxd4 13. Bxd4 Be6 14. g5 Nh5 15. Bxg7 Nxg7 16. f4 Qd7 17. Rdg1 Rac8 18. Kb1 Bc4 19. Bxc4 Rxc4 20. Nd5 Rxe4 21. Qd3 Qf5 22. Rf1 Nh5 23. Rhg1 Re6 24. Qxf5 gxf5 25. Re1 Kg7 26. Nxe7 Nxf4 27. Nxf5+ Kg6 28. Rxe6+ fxe6 29. Nxd6 Ne2 30. Re1 b5 31. b3 Nf4 32. Re4 Kh5 33. Re5 Kxh4 34. Kc1 Rd8 35. Ne4 Rd5 36. Rxd5 exd5 37. Nf6 Kxg5 38. Nxh7+ Kf5 39. Nf8 Ke5 40. Nd7+ Kd6 41. Nf6 Kc5 42. a3 Ne6 43. Ng4 a5 44. Kb1 Kd4 45. Kc1 a4 46. b4 Kc3 47. Ne5 Nd4 48. Nd3 Nxc2 0-1

[Event "COL GP U16"]
[Site "Bilin"]
[Date "2008.11.13"]
[Round "5"]
[White "Ospina, Carl Erik"]
[Black "Pachon Gutierrez, Adriana Paola"]
[Result "1-0"]
[WhiteElo "1989"]
[BlackElo "2013"]
[PlyCount "29"]
[EventDate "2008.11.12"]
[EventType "swiss"]
[EventRounds "6"]
[EventCountry "COL"]
[SourceTitle "EXT 2011"]
[Source "ChessBase"]
[SourceDate "2010.11.26"]
[SourceVersion "1"]
[SourceVersionDate "2010.11.26"]
[SourceQuality "1"]

1. d4 Nf6 2. c4 g6 3. Nc3 d5 4. Bg5 Ne4 5. Nxe4 dxe4 6. Bf4 Bg7 7. e3 Nc6 8. Ne2 0-0 9. Nc3 f5 10. Rc1 e5 11. dxe5 Nxe5 12. Qd5+ Kh8 13. Bxe5 Qxd5 14. Bxg7+ Kxg7 15. Nxd5 1-0